The History of the Renowned Don Quixote de la Mancha (Record no. 2956)

MARC details
000 -CABECERA
campo de control de longitud fija 01704nam a2200337 a 4500
001 - NÚMERO DE CONTROL
campo de control BRCA_3220
005 - FECHA Y HORA DE LA ÚLTIMA TRANSACCIÓN
campo de control 20190320204153.0
008 - DATOS DE LONGITUD FIJA--INFORMACIÓN GENERAL
campo de control de longitud fija 040309s1771----enk#---###---#000-0#eng-#
041 ## - CÓDIGO DE LENGUA
Código de lengua del texto/banda sonora o título independiente eng
044 ## - CÓDIGO DEL PAÍS DE LA ENTIDAD EDITORA/PRODUCTORA
Código MARC del país enk
084 ## - OTRO NÚMERO DE CLASIFICACIÓN
Número de clasificación 521
Número de documento/Ítem .F68
-- 1771
100 1# - ENTRADA PRINCIPAL--NOMBRE DE PERSONA
Nombre de persona Cervantes Saavedra, Miguel de
Fechas asociadas al nombre 1547-1616
9 (RLIN) 213
245 10 - MENCIÓN DE TÍTULO
Título The History of the Renowned Don Quixote de la Mancha
Mención de responsabilidad, etc. Written in Spanish by Miguel de Cervantes Saavedra.
260 ## - PUBLICACIÓN, DISTRIBUCIÓN, ETC.
Lugar de publicación, distribución, etc. Glasgow (Inglaterra)
Nombre del editor, distribuidor, etc. R. and A. Foulis
Fecha de publicación, distribución, etc. 1771
300 ## - DESCRIPCIÓN FÍSICA
Extensión 4 v.
Dimensiones 16 cm.
500 ## - NOTA GENERAL
Nota general Contenido : v.1. Primera parte. Noticia sobre Cervantes. Prólogo del autor. -- v.2. Texto. -- v.3. Segunda parte. Prólogo del autor. -- v.4. Texto
500 ## - NOTA GENERAL
Nota general Edición : Translated by Several Hands and Published by the Late Mr. Motteux. Revised a new from the Best Spanish Edition by Mr. Ozell, who has Likewise added Explanatory Notes from Jervas, Oudin, Sobrino, Pineda, Gregorio and the Royal Academi Dictionary of Madrid
500 ## - NOTA GENERAL
Nota general Edición conforme a la de Londres, publicada en 1749, impresa por Innys y Co., pero sin láminas. Piel; Lomos decorados con filetes dorados Lúdovik Osterc
500 ## - NOTA GENERAL
Nota general QM418
546 ## - NOTA DE LENGUA/LENGUAJE
Nota de lengua/lenguaje Texto en : inglés
650 14 - PUNTO DE ACCESO ADICIONAL DE MATERIA--TÉRMINO DE MATERIA
Término de materia o nombre geográfico como elemento de entrada Novela española
Subdivisión cronológica Época clásica, 1500-1700
9 (RLIN) 215
650 14 - PUNTO DE ACCESO ADICIONAL DE MATERIA--TÉRMINO DE MATERIA
Término de materia o nombre geográfico como elemento de entrada Literatura española
Subdivisión cronológica Época clásica, 1500-1700
9 (RLIN) 216
650 14 - PUNTO DE ACCESO ADICIONAL DE MATERIA--TÉRMINO DE MATERIA
Término de materia o nombre geográfico como elemento de entrada Novela española
Subdivisión cronológica Siglo XVII
9 (RLIN) 217
650 14 - PUNTO DE ACCESO ADICIONAL DE MATERIA--TÉRMINO DE MATERIA
Término de materia o nombre geográfico como elemento de entrada Don Quijote (Personaje ficticio)
Término indicativo de función/relación Novela
9 (RLIN) 218
700 1# - PUNTO DE ACCESO ADICIONAL--NOMBRE DE PERSONA
Nombre de persona Motteux, Peter Anthony
Fechas asociadas al nombre 1663-1718
Término indicativo de función/relación Traductor
9 (RLIN) 8604
700 1# - PUNTO DE ACCESO ADICIONAL--NOMBRE DE PERSONA
Nombre de persona Ozel, John
Fechas asociadas al nombre ?-1743
Término indicativo de función/relación Anotador
9 (RLIN) 8605
700 1# - PUNTO DE ACCESO ADICIONAL--NOMBRE DE PERSONA
Nombre de persona Oudin, Cesar
Fechas asociadas al nombre ?-1625
Término indicativo de función/relación Traductor
9 (RLIN) 8288
740 0# - PUNTO DE ACCESO ADICIONAL--TÍTULO RELACIONADO O ANALÍTICO NO CONTROLADO
Título relacionado o analítico no controlado El Ingenioso Hidalgo Don Quijote de la Mancha
902 ## - CATALOGADOR
Iniciales QFM
942 ## - ELEMENTOS DE PUNTO DE ACCESO ADICIONAL (KOHA)
Fuente del sistema de clasificación o colocación Library of Congress Classification
Tipo de ítem Koha Libros
Holdings
Estado de retiro Estado de pérdida Estado dañado No para préstamo Localización permanente Ubicación/localización actual Fecha de adquisición Número de inventario Total de préstamos Signatura topográfica completa Código de barras Fecha visto por última vez Precio válido a partir de Tipo de ítem Koha
El ejemplar forma parte de la colección y puede ser consultado según las políticas vigentes.       Biblioteca del Museo Franz Mayer (Rogerio Casas-Alatriste) Biblioteca del Museo Franz Mayer (Rogerio Casas-Alatriste) 04/03/2009 QM418   521 .F68 1771 (QM418) 3217 22/03/2019 22/03/2019 Libros